| Tag |
First Indicator |
Second Indicator |
Subfields |
| LEADER |
00000cam a2200000 a 4500 |
| 001 |
in00000732607 |
| 005 |
20151016080850.0 |
| 008 |
880216s1988 couabo b 00110 eng |
| 010 |
|
|
|a 88005444
|
| 020 |
|
|
|a 0813375800 (alk. paper)
|
| 035 |
|
|
|a (OCoLC)17548935
|
| 035 |
|
|
|9 ADG3768AM
|
| 040 |
|
|
|a DLC
|c DLC
|d TXA
|d UtOrBLW
|
| 043 |
|
|
|a ar-----
|
| 049 |
|
|
|a TXAM
|c [A11582698]
|
| 050 |
0 |
0 |
|a DS201.M353
|b P48 1988
|
| 082 |
0 |
|
|a 953/.6
|2 19
|
| 100 |
1 |
|
|a Peterson, Erik R.
|q (Erik Roswell),
|d 1956-
|
| 245 |
1 |
4 |
|a The Gulf Cooperation Council :
|b search for unity in a dynamic region /
|c Erik R. Peterson ; foreword by Lee H. Hamilton.
|
| 264 |
|
1 |
|a Boulder, Colo. :
|b Westview Press,
|c 1988.
|
| 300 |
|
|
|a xxii, 346 pages :
|b illustrations, maps, photographs ;
|c 24 cm.
|
| 336 |
|
|
|a text
|b txt
|2 rdacontent
|
| 337 |
|
|
|a unmediated
|b n
|2 rdamedia
|
| 338 |
|
|
|a volume
|b nc
|2 rdacarrier
|
| 490 |
1 |
|
|a Westview special studies on the Middle East
|
| 504 |
|
|
|a Bibliography: pages 332-339.
|
| 500 |
|
|
|a Includes index.
|
| 610 |
2 |
0 |
|a Gulf Cooperation Council.
|
| 651 |
|
0 |
|a Arabian Peninsula
|x Politics and government.
|
| 651 |
|
0 |
|a Arabian Peninsula
|x Economic integration.
|
| 830 |
|
0 |
|a Westview special studies on the Middle East.
|
| 999 |
|
|
|a MARS
|
| 999 |
f |
f |
|s 00b650f6-6b7c-304b-89bb-e03a75bf3303
|i 36b1a688-b4c4-3620-ba85-a340301b2fe0
|t 0
|
| 952 |
f |
f |
|p normal
|a Texas A&M University
|b College Station
|c Sterling C. Evans Library
|d Evans: Library Stacks
|t 0
|e DS201.M353 P48 1988
|h Library of Congress classification
|i unmediated -- volume
|m A14811582698
|
| 998 |
f |
f |
|a DS201.M353 P48 1988
|t 0
|l Evans: Library Stacks
|